| 000 | 00980nam a2200253 i 4500 | ||
|---|---|---|---|
| 001 | 192244 | ||
| 003 | SpMaBN | ||
| 005 | 20250822062538.0 | ||
| 008 | 221128q19111928sp a | |||| 000 0 spa | ||
| 040 |
_aSpMaBN _bspa _cSpMaBN _erdc |
||
| 100 | 1 |
_aDomenech, Rafael. _945083 |
|
| 245 | 1 | 0 |
_aGoya en el Museo del Prado : _b(pinturas) / _ccuarenta y ocho ilustraciones, con texto de Rafael Doménech. |
| 260 |
_aBarcelona : _bHijos de J. Thomas, _c[entre 1911-1928] |
||
| 300 |
_a27 p., 48 p. de lám. ; _c15 cm. |
||
| 490 | 1 |
_aEl arte en España / bajo el patronato de la Comisaría Regia del Turismo y Cultura Artística ; _v14 |
|
| 546 | _aTexto en español, francés e inglés. | ||
| 600 | 1 | 4 |
_aGoya, Francisco de, _d1746-1828 _9240353 |
| 710 | 1 |
_aEspaña. _bComisaría Regia del Turismo. _9175864 |
|
| 830 | 1 | 3 |
_aEl arte en España _v14 _9193591 |
| 852 | 4 |
_aES-MaACL _jC-32216(2) |
|
| 942 | _2udc | ||
| 999 |
_c192244 _d192244 |
||